| 000 | 00521nam a22002057a 4500 | ||
|---|---|---|---|
| 001 | sjds | ||
| 003 | sjds | ||
| 005 | 20221220100445.0 | ||
| 008 | 221220b mx ||||| |||| 00| 0 spa d | ||
| 020 | _a8486563062 | ||
| 020 | _a9788486563066 | ||
| 040 | _csjds | ||
| 041 | _aspa | ||
| 100 | _aSerrano, Fernando Lopez | ||
| 245 | 1 | 0 |
_aPiel de Cielo / _cFernando Lopez Serrano. |
| 260 |
_aMexico : _bGondomar, _c1986 |
||
| 300 |
_a86 pages : _b illustrations ; _c19 cm. |
||
| 440 | _a Coleccion el dado loco | ||
| 942 | _cBK | ||
| 999 |
_c27566 _d27566 |
||